Welcome to CU Library Online Public Access Catalogue (OPAC)

Gender and jobs: (Record no. 6886)

MARC details
000 -LEADER
fixed length control field 00400nam a2200157 4500
005 - DATE AND TIME OF LATEST TRANSACTION
control field 20250709144051.0
008 - FIXED-LENGTH DATA ELEMENTS--GENERAL INFORMATION
fixed length control field cu123
020 ## - INTERNATIONAL STANDARD BOOK NUMBER
International Standard Book Number 9789221095248
050 ## - LIBRARY OF CONGRESS CALL NUMBER
Classification number HD 6060.6 ANK
Item number 1
100 ## - MAIN ENTRY--PERSONAL NAME
Personal name ANKER,Richard
245 ## - TITLE STATEMENT
Title Gender and jobs:
Remainder of title Sex segregation of occupations in the world
260 ## - PUBLICATION, DISTRIBUTION, ETC.
Place of publication, distribution, etc. Geneva
Name of publisher, distributor, etc. Int.Labour Office
Date of publication, distribution, etc. 1998
300 ## - PHYSICAL DESCRIPTION
Extent xii,444p
500 ## - GENERAL NOTE
General note index,tables
942 ## - ADDED ENTRY ELEMENTS (KOHA)
Source of classification or shelving scheme Library of Congress Classification
Koha item type Books
Suppress in OPAC No
999 ## -
-- 6886
-- 6886
Holdings
Withdrawn status Lost status Source of classification or shelving scheme Damaged status Not for loan Collection Home library Current library Shelving location Date acquired Total checkouts Full call number Barcode Date last seen Copy number Price effective from Koha item type
    Library of Congress Classification     Non-fiction Business Library (Miotso) Business Library (Miotso) General stacks 03/25/2026   HD 6060.6 ANK BSSM00002965 03/25/2026 1 03/25/2026 Books
    Library of Congress Classification     Non-fiction Graduate Library (Christ Temple) Graduate Library (Christ Temple) General stacks 07/09/2025   HD 6060.6 GSCT00001755 07/09/2025 1 07/09/2025 Books
© 2023-2024 Copyright: Central University Libraries. All Rights Reserved | Created by: Mahone Tech Office